000 00831nam a2200253Ia 4500
005 20220317000540.0
008 160601s2004 ck g 000 0 spa
020 _a9587041666
100 1 _aCortázar, Julio
_d1914-1984
245 1 0 _aTodos los fuegos el fuego
_cJulio Cortázar
250 _a1a. edición
300 _a174 páginas
_c21 cm
490 _aBiblioteca Cortázar
_pAlfaguara
600 1 4 _aCortazar, Julio
_d1914-1984
_xCrítica e interpretación
_947799
650 1 4 _2LEMB
_aCuentos argentinos
_ySiglo XX
650 1 4 _2LEMB
_aLiteratura argentina
_ySiglo XX
942 _2loc
_cBKLIT
264 _aBogotá
_bSantillana
_c2004
336 _atexto
_btxt
_2rdacontent
337 _asin mediación
_bn
_2rdamedia
338 _avolumen
_bnc
_2rdacarrier
040 _aCO-BoRNBP
_bspa
_erda
_cCO-BoRNBP
084 _aC COR2
999 _c4354
_d4354